000 00853nam a22001817a 4500
999 _c64175
_d64175
003 Ge_BSU
005 20260424163205.0
008 260424s1977 ge ||||| |||| 00| 0 geo d
041 _ageo
080 _a338.47:656(042.4) კ-98
100 _aკუჭუხიძე, ალ.
_913650
245 _aსატრანსპორტო-ეკონომიური კავშირების დაგეგმვის საკითხები :
_bლექციის კურსი/
_c ალ. კუჭუხიძე.
264 _aთბ. :
_bთბილ. უნ-ტის გამ-ბა,
_c1977.
300 _a83 გვ. ;
_b19 სმ.
500 _a ლიტ. სია: გვ. 84-85.
653 _aსატრანსპორტო-ეკონომიური კავშირები
942 _2udc
_cᲬᲘᲒᲜᲘ